header

The fetus and birth (Record no. 78279)

MARC details
000 -LEADER
fixed length control field 01719nam a2200409 a 4500
082 04 - DEWEY DECIMAL CLASSIFICATION NUMBER
Classification number 599/.01/6
245 14 - TITLE STATEMENT
Title The fetus and birth
260 ## - PUBLICATION, DISTRIBUTION, ETC. (IMPRINT)
Place of publication Amsterdam ;
-- New York :
Name of publisher Elsevier/Excerpta Medica/North-Holland ;
Place of publication New York :
Name of publisher Elsevier North-Holland,
Year of publication 1977.
300 ## - PHYSICAL DESCRIPTION
Number of Pages viii, 481 p. :
Other physical details ill.
490 1# - SERIES STATEMENT
Series statement Ciba Foundation symposium (new series) ;
500 ## - GENERAL NOTE
General note "Symposium on the Fetus and Birth held at the Ciba Foundation, London, 18-20th May, 1976"--Participants page.
650 #0 - SUBJECT ADDED ENTRY--TOPICAL TERM
Topical Term Parturition
Topical Term Fetus
Topical Term Obstetrical endocrinology
Topical Term Labor (Obstetrics)
856 40 - ELECTRONIC LOCATION AND ACCESS
Uniform Resource Identifier http://site.ebrary.com/lib/rucke/Doc?id=10575673

No items available.

© 2026 Rongo University
Contact us: librarian | system librarian | Rongo university